Compendio de hidrología general y aplicada : para uso de médicos, químicos, farmacéuticos e ingenieros /
Guardado en:
| Autor Principal: | |
|---|---|
| Formato: | Libro |
| Idioma: | Undetermined |
| Publicado: |
Quito, Ecuador :
Imprenta Municipal,
1956.
|
| Etiquetas: |
Agregar Etiqueta
Sin Etiquetas, Sea el primero en etiquetar este registro!
|
| LEADER | 00505nam a22001335a 4500 | ||
|---|---|---|---|
| 001 | EEA.libagro010176 | ||
| 005 | 20141022133014.0 | ||
| 008 | 141015s1956####xx#a##########000#0#und#d | ||
| 082 | 0 | 4 | |a 551.48 |
| 100 | 1 | |a Muñoz, José E. | |
| 245 | 1 | 0 | |a Compendio de hidrología general y aplicada : |b para uso de médicos, químicos, farmacéuticos e ingenieros / |c José E. Muñoz. |
| 260 | |a Quito, Ecuador : |b Imprenta Municipal, |c 1956. | ||
| 300 | |a 198 p. : |b il. ; |c 21 cm. | ||
| 859 | |a AR-BbBCA |b BIB. AGRONOMIA |h 551.48 |i M971 |p 1957/0852 | ||
